| 000 | 00549nam a2200205Ia 4500 | ||
|---|---|---|---|
| 005 | 20250425162424.0 | ||
| 008 | 250425s9999 xx 000 0 und d | ||
| 020 | _a9588233445 | ||
| 041 | _aspa | ||
| 082 | _a630 | ||
| 110 | _aFUNDACION HOGARES JUVENILES CAMPESINOS | ||
| 245 | 0 | _aDESARROLLO ENDÓGENO AGROPECUARIO NUEVA BIBLIOTECA DEL CAMPO 5 : ABEJAS | |
| 250 | _a1A ED. | ||
| 260 | _aBOGOTA | ||
| 260 |
_aColombia _bFUNDACION HOGARES JUVENILES CAMPESINOS _c2008 |
||
| 300 | _a64 | ||
| 650 | _aABEJAS | ||
| 942 | _c01 | ||
| 010 | _a72602 | ||
| 999 |
_c228899 _d228899 |
||